|
|
|
|
| LEADER |
01375nam a2200265 u 4500 |
| 001 |
10116748 |
| 003 |
upatras |
| 005 |
20220629103755.0 |
| 008 |
150701s2015 gr gre |
| 952 |
|
|
|0 0
|1 0
|4 0
|6 370_117000000000000_ΘΕΟ
|7 0
|9 180965
|a PTDE
|b PTDE
|d 2016-04-24
|i 11526
|l 0
|o 370.117 ΘΕΟ
|p 025000211316
|r 2016-04-24 00:00:00
|t 1
|w 2016-04-24
|y BK15
|
| 999 |
|
|
|c 111856
|d 111856
|
| 020 |
|
|
|a 9789606813894
|
| 040 |
|
|
|a GR-PaULI
|c GR-PaULI
|b gre
|e AACR2
|
| 082 |
0 |
4 |
|a 370.177
|2 23
|
| 100 |
1 |
|
|a Θεοδοσιάδου, Κυριακή
|d 1985-
|4 συγγραφέας
|9 144960
|
| 245 |
1 |
0 |
|a Διδασκαλία και ετερότητα :
|b οι προσωπικές θεωρίες εκπαιδευτικών που διδάσκουν σε πολυπολιτισμικές τάξεις /
|c Κυριακή Θεοδοσιάδου.
|
| 260 |
|
|
|a Αθήνα :
|b Μπουτσιούλας,
|c 2015.
|
| 300 |
|
|
|a 147 σ. ;
|c 24 εκ.
|
| 504 |
|
|
|a Περιέχει βιβλιογραφικές παραπομπές.
|
| 650 |
|
4 |
|a Διαπολιτισμική εκπαίδευση
|z Ελλάδα
|9 41639
|
| 650 |
|
4 |
|a Πολυπολιτισμικότητα
|9 7795
|
| 650 |
|
4 |
|a Διαπολιτισμική εκπαίδευση
|x Έρευνα
|9 48828
|
| 852 |
|
|
|a GR-PaULI
|b ΠΑΤΡΑ
|b ΠΤΔΕ
|k ΑΣΧΕ
|h 370.117 ΘΕΟ
|m 11526
|p 025000211316
|t 1
|
| 942 |
|
|
|2 ddc
|c BK15
|
| 998 |
|
|
|c ΤΣΕΝΕ
|d 2015-07
|